000 00836cam a2200253 4500
001 3403
005 20240801104730.0
020 _a059008393
040 _aDLC
_cDLC
_dDLC
_beng
050 0 0 _aPZ10.L787
082 0 0 _a759.9492
100 1 _aLobel, Arnold
245 1 0 _aSmall pig /
_cStory and pictures by Arnold Lobel
260 _aNew York :
_bScholastic ,
_c1969
300 _a63 pages :
_bcolor illustrations ;
_c23 cm.
490 0 _aAn I can read book
505 _aH
520 _aBecause the farmer's wife insists on cleaning his mud puddle, a little pig runs away to the city where he becomes permanently stuck in what he thought was a mud puddle.
521 _a440
_bLexile
521 _aH
_bRaz-Plus
650 1 _aPigs
_xFiction
906 _a7
_bcbc
_corignew
_du
_encip
_f19
_gy-gencatlg
942 _2ddc
_cBK
_n0
999 _c3403
_d3403